00457nam a2200145 u 450000100100000000500170001000800410002704000250006808200160009310000280010924500720013726000420020930000280025150000320027900002048120200930011122.0100809s199u dr a r 000 0 spa d aDO-SdBNPbspacBNPHU axxxxbA795h1 aArvelo, Jackelynd1963-10aHistoria de Santo Domingo :b3,000 A. C. - 1586 /cJackelyn Arvelo. aSanto Domingo :bMundilibro,c[199?]. a144 p :bil. ;c210 cm. aIncluye indice onomástico